Homestuck Trivia - Secret Word - Statistics

General Stats
  • This quiz has been taken 25 times
  • The average score is 7 of 13
Answer Stats
Hint Answer % Correct
The first troll introduced in the comic Karkat
94%
Responsible for frog duties among the beta trolls Kanaya
71%
True title of the Batterwitch (her) Imperious Condescension
65%
Last name of the descendant of the Disciple Leijon
65%
What Aradia's typing quirk changes Os
65%
Orchestrated the creation of sgrub Aradia
59%
Karkalicious
59%
Second trait of Rose's planet Rain
59%
Their first death prompted some self-reflection in Eridan Sollux
59%
The most important character in Homestuck (Lil) Cal
41%
___ ____, and nobody understands. It's hard
29%
Chumhandle of the guide that the alpha kids got but the beta kids didn't UranianUmbra
29%
Startled John and Jade at the beginning of their three-year trip Andrew Hussie
24%
No matching quizzes found
Score Distribution
Percent of People with Each Score
Percentile by Number Answered
Your Score History
You have not taken this quiz